000 00996nam a2200253 i 4500
001 73967
003 ES-MaACL
005 20230906171956.0
007 t|
008 040914s1982 sp ||||1| spa d
080 _a75 González, Gonzalo (083.824)
100 1 _aGonzález, Gonzalo.
_958317
245 1 0 _aGonzalo González :
_b[exposición: Sala de Arte y Cultura de La Laguna, 28 septiembre-15 octubre, 1982] /
_cEduardo Westerdahl, Carlos E. Pinto.
260 _aSanta Cruz de Tenerife :
_bCaja General de Ahorros y Monte de Piedad,
_c1982.
300 _a85 p., 19 lám. col. y n. ;
_c21 cm.
600 1 4 _aGonzález, Gonzalo-
_vExposiciones.
_9172831
655 7 _2tgfbne
_9193628
_aCatálogos de exposiciones
700 1 _aWesterdahl, Eduardo.
_9116557
700 1 _aPinto Trujillo, Carlos Eduardo.
_992235
710 2 _aCaja General de Ahorros y Monte de Piedad de Santa Cruz de Tenerife.
_9172796
852 _aES-MaACL
_jL-4321
942 _2udc
999 _c73967
_d73967